LEADER 01190nam0 2200337 450 001 000018939 005 20060406185956.0 010 $a88-420-6799-7 100 $a20060406d2002----km-y0itaa50------ba 101 0 $aita 102 $aIT 200 1 $aDi padre in figlio$eelogio della tradizione$fMarcello Veneziani 200 1 $a1 $n0000431 210 $aRoma [etc.]$cLaterza$d2002 215 $aXVI, 213 p.$d21 cm 225 2 $aEconomica Laterza$v269 410 1$12001$aEconomica Laterza$v269 606 1 $aTradizionalismo 676 $a148$v(21. ed.)$9Dogmatismo, eclettismo, liberalismo, sincretismo, tradizionalismo 700 1$aVeneziani,$bMarcello$0176643 801 0$aIT$bUniversità della Basilicata - B.I.A.$gRICA$2unimarc 912 $a000018939 996 $aDi padre in figlio$983800 997 $aUNIBAS BAS $aLETTERE CAT $aSTD045$b01$c20060406$lBAS01$h1635 CAT $aTTM$b30$c20060406$lBAS01$h1859 CAT $aATR$b40$c20070223$lBAS01$h1210 CAT $aBATCH$b00$c20070503$lBAS01$h1730 FMT Z30 -1$lBAS01$LBAS01$mBOOK$1BASA1$APolo Storico-Umanistico$2DSLA$BCollezione DiSSLA$3DD/5276$65276$5D5276$820060406$f04$FPrestabile Didattica LEADER 01642oam 2200493M 450 001 9910716422603321 005 20200213070542.6 035 $a(CKB)5470000002521922 035 $a(OCoLC)1065860595 035 $a(OCoLC)995470000002521922 035 $a(EXLCZ)995470000002521922 100 $a20071213d1927 ua 0 101 0 $aeng 135 $aurcn||||||||| 181 $ctxt$2rdacontent 182 $cc$2rdamedia 183 $acr$2rdacarrier 200 10$aGarfield Hankins. February 24, 1927. -- Ordered to be printed 210 1$a[Washington, D.C.] :$c[U.S. Government Printing Office],$d1927. 215 $a1 online resource (2 pages) 225 1 $aSenate report / 69th Congress, 2nd session. Senate ;$vno. 1599 225 1 $a[United States congressional serial set] ;$v[serial no. 8687] 300 $aBatch processed record: Metadata reviewed, not verified. Some fields updated by batch processes. 300 $aFDLP item number not assigned. 606 $aBank failures 606 $aBanks and banking 606 $aClaims 606 $aDrafts 606 $aPostal service$xEmployees 608 $aLegislative materials.$2lcgft 615 0$aBank failures. 615 0$aBanks and banking. 615 0$aClaims. 615 0$aDrafts. 615 0$aPostal service$xEmployees. 701 $aBayard$b Thomas F$g(Thomas Francis),$f1868-1942$pDemocrat (DE)$01386175 801 0$bWYU 801 1$bWYU 801 2$bOCLCO 801 2$bOCLCQ 906 $aBOOK 912 $a9910716422603321 996 $aGarfield Hankins. February 24, 1927. -- Ordered to be printed$93457960 997 $aUNINA